000 01129nam a22003497a 4500
003 CHAP
005 20220329135622.0
008 971013s1982 r 00010 d
010 _a39395
011 _a40367
035 _a44492
040 _cCHAP
090 _aFolleto 8638
100 0 0 _aFierros González, Aurelio M.
_940785
245 _aReforestación en sabanas tropicales
260 _aChapingo, Méx. :
_bUACH. Departamento de Bosques,
_c1982
300 _a25 p.
490 _aBoletín técnico
_v; 14
590 _aBATCH-UPD
_b10
_c20130110
_lUCH01
_h0306
590 _aBATCH-UPD
_b10
_c20130110
_lUCH01
_h1918
590 _aBATCH-UPD
_b10
_c20130409
_lUCH01
_h2337
590 _aBATCH-UPD
_b10
_c20130410
_lUCH01
_h1517
590 _aBATCH-UPD
_b10
_c20130914
_lUCH01
_h0653
590 _aCONVERSION
_b10
_c20130109
_lUCH01
_h1322
650 1 4 _aReforestación
_xSabanas.
_995507
650 1 4 _aSabanas.
_9101091
830 0 _aBoletín técnico
_v; 14
_913560
901 _aBK
942 _cFOLL
949 _aFolleto 8638
_bBC
_cUACH
_d-101882
_eUACH
_i44492
_si
949 _aFolleto 8638
_bBC
_cUACH
_d-101883
_eTS2
_fc.2
_i44492
_si
999 _c39395
_d39395